[Event "Barcelona Sants op 21st"]
[Site "Barcelona"]
[Date "2019.08.25"]
[Round "3"]
[White "Castano Jimenez, Andreu"]
[Black "Bedoya Rosales, Luis"]
[Result "0-1"]
[WhiteElo "1792"]
[BlackElo "1899"]
[PlyCount "48"]
[EventDate "2019.08.23"]
[EventType "swiss"]
[EventRounds "10"]
[EventCountry "ESP"]
[SourceTitle "EXT 2020"]
[Source "ChessBase"]
[SourceDate "2019.10.17"]
[SourceVersion "1"]
[SourceVersionDate "2019.10.17"]
[SourceQuality "1"]

1. e4 c5 2. Nf3 e6 3. d4 cxd4 4. Nxd4 Nc6 5. Nc3 Qc7 6. Be3 a6 7. Qd2 Nf6 8. f3 h5 9. 0-0-0 Be7 10. h4 d6 11. Bg5 Ne5 12. Nb3 b5 13. Kb1 Bd7 14. Qd4 Nc6 15. Qe3 0-0 16. Rg1 Ne5 17. Be2 b4 18. Nd5 exd5 19. exd5 Rfe8 20. Rd4 Bf5 21. Bd1 Bg6 22. Rxb4 Nxd5 23. Qe1 Bxg5 24. hxg5 Nxf3 0-1

[Event "Foment Martinenc op-B 18th"]
[Site "Barcelona"]
[Date "2016.06.04"]
[Round "7"]
[White "Climent Vidal, Pere"]
[Black "Castano Jimenez, Andreu"]
[Result "0-1"]
[WhiteElo "1576"]
[BlackElo "1924"]
[PlyCount "72"]
[EventDate "2016.04.23"]
[EventType "swiss"]
[EventRounds "9"]
[EventCountry "ESP"]
[SourceTitle "EXT 2017"]
[Source "ChessBase"]
[SourceDate "2016.10.25"]
[SourceVersion "1"]
[SourceVersionDate "2016.10.25"]
[SourceQuality "1"]

1. d4 d5 2. c4 e6 3. Nc3 Nf6 4. Bg5 c6 5. Qb3 h6 6. Bxf6 Qxf6 7. Nf3 Nd7 8. e3 Be7 9. Bd3 0-0 10. 0-0 Bd6 11. cxd5 exd5 12. Rac1 Nb6 13. Na4 Nxa4 14. Qxa4 Bg4 15. Be2 Bh5 16. Qb3 Rab8 17. Rc2 Rfe8 18. Ne1 Re4 19. g3 Bg6 20. Bd3 Rg4 21. Bxg6 Qxg6 22. Rxc6 bxc6 23. Qc3 Rb6 24. a3 Qh5 25. Ng2 Re4 26. a4 Qe2 27. Qa5 Re7 28. Qc3 Qxb2 29. Qd3 Qb3 30. Qf5 Qxa4 31. Qc8+ Kh7 32. Qd8 Qa3 33. Nh4 Rb8 34. Qxb8 Bxb8 35. Nf5 Rb7 36. Kg2 a5 0-1

[Event "Foment Martinenc op-B 18th"]
[Site "Barcelona"]
[Date "2016.04.23"]
[Round "1"]
[White "Castano Jimenez, Andreu"]
[Black "Roig Martinez, Salvador"]
[Result "1/2-1/2"]
[WhiteElo "1924"]
[BlackElo "1626"]
[PlyCount "134"]
[EventDate "2016.04.23"]
[EventType "swiss"]
[EventRounds "9"]
[EventCountry "ESP"]
[SourceTitle "EXT 2017"]
[Source "ChessBase"]
[SourceDate "2016.10.25"]
[SourceVersion "1"]
[SourceVersionDate "2016.10.25"]
[SourceQuality "1"]

1. e4 e5 2. Nf3 Nc6 3. Bb5 d6 4. 0-0 a6 5. Ba4 Bd7 6. c3 Be7 7. d4 exd4 8. cxd4 Na7 9. Bb3 Be6 10. Bc2 c6 11. Re1 Qc7 12. Bf4 Nf6 13. Ng5 0-0-0 14. Nc3 h6 15. Nf3 Bg4 16. Bb3 Nh5 17. Be3 Bg5 18. h3 Bxe3 19. hxg4 Bxf2+ 20. Kxf2 Nf6 21. Rc1 Nxg4+ 22. Kg1 Rhf8 23. Qe2 h5 24. Qf1 Kb8 25. e5 dxe5 26. dxe5 Qb6+ 27. Kh1 Nf2+ 28. Kh2 Nd3 29. Red1 Nxc1 30. Rxd8+ Qxd8 31. Qxc1 Nb5 32. Ne2 Nc7 33. Ned4 Qe7 34. Qxc6 Re8 35. Qe4 g6 36. Qf4 Rf8 37. Qc1 Rd8 38. Qc4 Rd5 39. Qe2 Rd8 40. Bc4 Re8 41. Qd3 Rd8 42. Qb3 Rxd4 43. Nxd4 Qxe5+ 44. Qg3 Qxd4 45. Bxf7 Qxb2 46. Qxg6 Qe5+ 47. Kh3 Qc3+ 48. Kh4 Qe1+ 49. Kg5 Qg3+ 50. Kh6 h4 51. Qg8+ Ka7 52. Kh5 Nb5 53. Qxg3 hxg3 54. Kh4 Nd6 55. Bb3 Kb6 56. Kxg3 Kc7 57. Kf4 Kd8 58. g4 Ke7 59. Ke5 b6 60. g5 Ne8 61. g6 Ng7 62. Bf7 b5 63. Kd5 Kd7 64. Kc5 Kc7 65. a3 Nf5 66. Be6 Ng7 67. Bg4 Ne8 1/2-1/2

[Event "Barcelona Sant Marti op-B 16th"]
[Site "Barcelona"]
[Date "2014.07.21"]
[Round "9"]
[White "Castano Jimenez, Andreu"]
[Black "Olive Oller, Guim"]
[Result "1-0"]
[WhiteElo "1779"]
[BlackElo "1989"]
[PlyCount "67"]
[EventDate "2014.07.13"]
[EventType "swiss"]
[EventRounds "9"]
[EventCountry "ESP"]
[SourceTitle "CBM 161 Extra"]
[Source "ChessBase"]
[SourceDate "2014.08.29"]
[SourceVersion "1"]
[SourceVersionDate "2014.08.29"]
[SourceQuality "1"]

1. e4 c5 2. Nf3 Nc6 3. d4 cxd4 4. Nxd4 d6 5. Nc3 Nf6 6. f3 g6 7. Be3 Bg7 8. Qd2 0-0 9. 0-0-0 a6 10. Be2 Na5 11. h4 h5 12. Rdg1 b5 13. g4 Bb7 14. gxh5 Nxh5 15. f4 Rc8 16. Bxh5 Nc4 17. Qf2 Nxe3 18. Qxe3 Rxc3 19. bxc3 Qa5 20. f5 Rc8 21. fxg6 f5 22. Nxf5 Rxc3 23. Nxe7+ Kh8 24. Qa7 Rxc2+ 25. Kxc2 Bxe4+ 26. Kd1 Qa4+ 27. Ke2 Qc2+ 28. Ke3 Bh6+ 29. Rg5 Qd3+ 30. Kf4 Bxg5+ 31. hxg5 Qd2+ 32. Kxe4 d5+ 33. Nxd5 Qc2+ 34. Ke5 1-0

[Event "Barcelona Sant Marti op-B 16th"]
[Site "Barcelona"]
[Date "2014.07.15"]
[Round "3"]
[White "Castano Jimenez, Andreu"]
[Black "Avila Lopez, Joan"]
[Result "1-0"]
[WhiteElo "1779"]
[BlackElo "1704"]
[PlyCount "65"]
[EventDate "2014.07.13"]
[EventType "swiss"]
[EventRounds "9"]
[EventCountry "ESP"]
[SourceTitle "CBM 161 Extra"]
[Source "ChessBase"]
[SourceDate "2014.08.29"]
[SourceVersion "1"]
[SourceVersionDate "2014.08.29"]
[SourceQuality "1"]

1. e4 e5 2. Nf3 Nc6 3. Bc4 Nf6 4. Ng5 Be7 5. Nxf7 d5 6. Nxd8 dxc4 7. Nc3 Nxd8 8. d3 Be6 9. 0-0 Nc6 10. Nb5 Bd6 11. Bg5 0-0 12. f4 a6 13. Nxd6 cxd6 14. dxc4 Rad8 15. Qd3 h6 16. Bh4 Nh5 17. Bxd8 Nxd8 18. fxe5 Nf4 19. Qxd6 Nf7 20. Qb4 Nxe5 21. Qxb7 Bxc4 22. Rxf4 Rxf4 23. Qb8+ Rf8 24. Qxe5 Bb5 25. Qd5+ Kh8 26. e5 Rf5 27. Qe4 Rg5 28. e6 Rc5 29. e7 Rc8 30. Rd1 Bc6 31. Rd8+ Rxd8 32. exd8R+ Be8 33. Rxe8# 1-0